000 00188nam a2200085Ia 4500
008 120527s9999 xx 000 0 und d
100 _aDewar, A.J
245 _aExplain the brain
942 _cBK
999 _c27754
_d27754